000 01131cam a2200289Ma 4500
005 20140903175041.0
008 130131s2013 xxuad fr 000 0 eng d
020 _a9788847024748 (V.2)
020 _a9788847024861 (V.1)
040 _aCO-BoUCM
_bspa
_cJose A. Gerena
_dDiana Londoño
041 _aeng
100 1 _aGandellini, Giorgio
_958770
245 1 0 _aStrategy for action
_cGiorgio Gandellini, Alberto Pezzi, Daniela Venanzi
260 _aLexington (Kentucky, Estados Unidos)
_bSpringer
_c2013
300 _a2 volúmenes
_bilustraciones, cuadros, gráficas
490 1 _aSpringer briefs in business
504 _aIncluye referencias bibliográficas
505 0 _gV.1
_tThe logic and context of strategic management
505 0 _gV.2
_tStrategy formulation, development, and control
650 7 _aComportamiento organizacional
_911292
650 7 _aPlanificación estratégica
_921662
690 _942736
_aAdministración de empresas
700 1 _aPezzi, Alberto
_958772
700 1 _aVenanzi, Daniela
_d1957-
_958773
942 _a16
_cLIBRO
_e1
_mG195s
_2DEWEY
_h658.4012
999 _c239957
_d239957